000 00582nam a2200253Ia 4500
005 20260123122755.0
008 008 260114s9999 xx 000 0 eng d
020 _a9781071872642
037 _aEBOOK
040 _aCRL
040 _beng
040 _cCRL
041 _2eng
041 _aeng
084 _qCRL
100 _aRobert Morris Clark,William Leslie Mitchell
_91105412
245 0 _aDeception
260 _bSAGE
260 _c2019
856 _uhttps://sk.sagepub.com/cqpress/deception
942 _cEBOOK
999 _c1670648
_d1670648